<?xml version="1.0" encoding="UTF-8"?>
<record
    xmlns:xsi="http://www.w3.org/2001/XMLSchema-instance"
    xsi:schemaLocation="http://www.loc.gov/MARC21/slim http://www.loc.gov/standards/marcxml/schema/MARC21slim.xsd"
    xmlns="http://www.loc.gov/MARC21/slim">

  <leader>00906nam a22002291i 4500</leader>
  <controlfield tag="001">13483</controlfield>
  <datafield tag="090" ind1=" " ind2=" ">
    <subfield code="a">13483</subfield>
  </datafield>
  <datafield tag="010" ind1=" " ind2=" ">
    <subfield code="a">9789896090593</subfield>
  </datafield>
  <datafield tag="100" ind1=" " ind2=" ">
    <subfield code="a">20170304u        u  u0frey50      ba</subfield>
  </datafield>
  <datafield tag="101" ind1="0" ind2=" ">
    <subfield code="a">por</subfield>
  </datafield>
  <datafield tag="200" ind1="1" ind2=" ">
    <subfield code="f">Luis Se&#xF1;or Gonz&#xE1;lez</subfield>
    <subfield code="a">Dicion&#xE1;rio de cita&#xE7;&#xF5;es e prov&#xE9;rbios</subfield>
  </datafield>
  <datafield tag="215" ind1=" " ind2=" ">
    <subfield code="a">703, [3] p.</subfield>
    <subfield code="d">22 cm</subfield>
  </datafield>
  <datafield tag="702" ind1=" " ind2="1">
    <subfield code="a">Mafra</subfield>
    <subfield code="b">Isabel</subfield>
    <subfield code="4">730</subfield>
  </datafield>
  <datafield tag="700" ind1=" " ind2="1">
    <subfield code="a">Gonz&#xE1;lez</subfield>
    <subfield code="b">Luis Se&#xF1;or</subfield>
  </datafield>
  <datafield tag="210" ind1=" " ind2=" ">
    <subfield code="c">Planeta DeAgostini</subfield>
    <subfield code="d">D.L. 2004</subfield>
  </datafield>
  <datafield tag="210" ind1=" " ind2=" ">
    <subfield code="c">Correio da Manh&#xE3;</subfield>
    <subfield code="a">Lisboa</subfield>
    <subfield code="d">D.L. 2004</subfield>
  </datafield>
  <datafield tag="225" ind1="2" ind2=" ">
    <subfield code="a">Grande enciclop&#xE9;dia universal</subfield>
    <subfield code="v">29</subfield>
  </datafield>
  <datafield tag="410" ind1=" " ind2="0">
    <subfield code="t">Grande enciclop&#xE9;dia universal</subfield>
  </datafield>
  <datafield tag="996" ind1=" " ind2=" ">
    <subfield code="f">0015361</subfield>
    <subfield code="k">DIC</subfield>
    <subfield code="m">00000000</subfield>
    <subfield code="n">00000000</subfield>
    <subfield code="a">BMVA</subfield>
    <subfield code="b">2</subfield>
    <subfield code="v">Viana do Alentejo</subfield>
    <subfield code="x">Dicion&#xE1;rios Diversos</subfield>
    <subfield code="y">11</subfield>
    <subfield code="e">Livro</subfield>
    <subfield code="1">6</subfield>
  </datafield>
  <datafield tag="996" ind1=" " ind2=" ">
    <subfield code="f">0020376</subfield>
    <subfield code="k">DIC</subfield>
    <subfield code="m">00000000</subfield>
    <subfield code="n">00000000</subfield>
    <subfield code="a">BMVAAL</subfield>
    <subfield code="b">3</subfield>
    <subfield code="v">Alc&#xE1;&#xE7;ovas</subfield>
    <subfield code="x">Dicion&#xE1;rios Diversos</subfield>
    <subfield code="y">11</subfield>
    <subfield code="e">Livro</subfield>
    <subfield code="1">6</subfield>
  </datafield>
  <datafield tag="996" ind1=" " ind2=" ">
    <subfield code="f">0034223</subfield>
    <subfield code="k">DIC</subfield>
    <subfield code="m">00000000</subfield>
    <subfield code="n">00000000</subfield>
    <subfield code="a">BMVAAG</subfield>
    <subfield code="b">4</subfield>
    <subfield code="v">Aguiar</subfield>
    <subfield code="x">Dicion&#xE1;rios Diversos</subfield>
    <subfield code="y">11</subfield>
    <subfield code="e">Livro</subfield>
    <subfield code="1">6</subfield>
  </datafield>
  <datafield tag="990" ind1=" " ind2=" ">
    <subfield code="c">LIVROS</subfield>
  </datafield>
  <datafield tag="995" ind1=" " ind2=" ">
    <subfield code="0">0</subfield>
    <subfield code="1">0</subfield>
    <subfield code="9">18386</subfield>
    <subfield code="b">BMVA</subfield>
    <subfield code="d">BMVA</subfield>
    <subfield code="e">DEP</subfield>
    <subfield code="f">0015340</subfield>
    <subfield code="k">801 DIC</subfield>
    <subfield code="o">0</subfield>
    <subfield code="r">LIVROS</subfield>
    <subfield code="u">Em dep&#xF3;sito cx 228 VNT</subfield>
  </datafield>
  <datafield tag="995" ind1=" " ind2=" ">
    <subfield code="0">0</subfield>
    <subfield code="1">0</subfield>
    <subfield code="9">18387</subfield>
    <subfield code="b">BMVA</subfield>
    <subfield code="d">BMVA</subfield>
    <subfield code="e">DEP</subfield>
    <subfield code="f">0021857</subfield>
    <subfield code="k">801 DIC</subfield>
    <subfield code="o">0</subfield>
    <subfield code="r">LIVROS</subfield>
    <subfield code="u">Cx.215 vnt</subfield>
  </datafield>
  <datafield tag="995" ind1=" " ind2=" ">
    <subfield code="0">0</subfield>
    <subfield code="1">6</subfield>
    <subfield code="9">18388</subfield>
    <subfield code="b">BMVA</subfield>
    <subfield code="d">BMVAAG</subfield>
    <subfield code="f">0020228</subfield>
    <subfield code="k">801 DIC</subfield>
    <subfield code="o">0</subfield>
    <subfield code="r">LIVROS</subfield>
  </datafield>
</record>
